[Event "OGD Prinsenstad-toernooi - A groep"]
[Site "Delft"]
[Date "2014.04.19"]
[Round "5.10"]
[White "Tikranian, Alik"]
[Black "Lecomte, Robin"]
[Result "0-1"]
[WhiteElo "2025"]
[BlackElo "2042"]
[PlyCount "50"]
[EventDate "2014.04.18"]
[EventType "swiss"]
[EventRounds "6"]
[EventCountry "NED"]
[Source "DSC"]
[SourceDate "2014.04.23"]

1. Nf3 Nf6 2. g3 e6 3. Bg2 d5 4. d4 Be7 5. O-O O-O 6. Nbd2 Nbd7 7. Re1 b6 8. e4
dxe4 9. Nxe4 Bb7 10. Nfg5 Nxe4 11. Nxe4 Qc8 12. Bf4 Rd8 13. Qe2 c5 14. Bd6 Bxe4
15. Bxe7 Bxg2 16. Bxd8 Qc6 17. Bg5 cxd4 18. c3 f6 19. cxd4 Bh3 20. f3 fxg5 21.
g4 Rf8 22. Qxe6+ Qxe6 23. Rxe6 Rxf3 24. Re8+ Kf7 25. Ra8 a5 0-1

[Event "OGD Prinsenstad-toernooi - A groep"]
[Site "Delft"]
[Date "2014.04.19"]
[Round "5.11"]
[White "Kerigan, Demre"]
[Black "Kolodkin, Daniil"]
[Result "1-0"]
[WhiteElo "2327"]
[BlackElo "2003"]
[PlyCount "45"]
[EventDate "2014.04.18"]
[EventType "swiss"]
[EventRounds "6"]
[EventCountry "NED"]
[Source "DSC"]
[SourceDate "2014.04.23"]

1. e4 c5 2. Nf3 d6 3. Bb5+ Nd7 4. O-O a6 5. Bd3 Ngf6 6. c3 b5 7. Bc2 Bb7 8. Re1
Qc7 9. d4 cxd4 10. cxd4 Rc8 11. Bb3 Nxe4 12. Nbd2 Ndf6 13. Nxe4 Nxe4 14. Bf4 g6
15. Qd3 Nf6 16. Rac1 Qd7 17. Rxc8+ Bxc8 18. Qc3 Bb7 19. Ng5 Bd5 20. Be5 dxe5
21. dxe5 Bg7 22. exf6 Bxf6 23. Qxf6 1-0

[Event "OGD Prinsenstad-toernooi - A groep"]
[Site "Delft"]
[Date "2014.04.19"]
[Round "5.12"]
[White "Oosterom, Erik"]
[Black "Van der Auweraert, Elwin"]
[Result "0-1"]
[WhiteElo "2061"]
[BlackElo "2281"]
[PlyCount "90"]
[EventDate "2014.04.18"]
[EventType "swiss"]
[EventRounds "6"]
[EventCountry "NED"]
[Source "DSC"]
[SourceDate "2014.04.23"]

1. Nf3 Nf6 2. c4 b6 3. g3 Bb7 4. Bg2 e6 5. d4 c5 6. d5 exd5 7. Nh4 g6 8. Nc3
Bg7 9. Nxd5 Nxd5 10. Bxd5 Bxd5 11. Qxd5 Nc6 12. Bg5 Bf6 13. Bxf6 Qxf6 14. Rd1
O-O 15. Qd2 Rfe8 16. O-O Re4 17. Nf3 Rae8 18. Qg5 Qxg5 19. Nxg5 Rxe2 20. Rxd7
R8e7 21. Rxe7 Nxe7 22. Rd1 h6 23. Nf3 Rxb2 24. Rd7 Nc6 25. Rc7 Nd4 26. Ne5 Rxa2
27. Nxf7 h5 28. Ne5 g5 29. h3 a5 30. Nf7 a4 31. Nxg5 a3 32. Ne4 Ra1+ 33. Kg2 a2
34. Ra7 Nc6 35. Ra3 Re1 36. Rxa2 Rxe4 37. Ra6 Rxc4 38. Rxb6 Nd4 39. Rh6 Rc1 40.
Rxh5 c4 41. Rd5 Ne6 42. Re5 Kf7 43. Kf3 Nd4+ 44. Kg4 c3 45. Re4 Rd1 0-1

[Event "OGD Prinsenstad-toernooi - A groep"]
[Site "Delft"]
[Date "2014.04.20"]
[Round "6.1"]
[White "Haslinger, Stewart"]
[Black "Van den Doel, Erik"]
[Result "1/2-1/2"]
[WhiteElo "2544"]
[BlackElo "2560"]
[PlyCount "82"]
[EventDate "2014.04.18"]
[EventType "swiss"]
[EventRounds "6"]
[EventCountry "NED"]
[Source "DSC"]
[SourceDate "2014.04.23"]

1. e4 e5 2. Nf3 Nc6 3. d4 exd4 4. Nxd4 Nf6 5. Nxc6 bxc6 6. e5 Qe7 7. Qe2 Nd5 8.
c4 Nb6 9. Nc3 Qe6 10. Qe4 Ba6 11. b3 O-O-O 12. Bb2 Bb7 13. O-O-O Re8 14. f4 d5
15. cxd5 cxd5 16. Qc2 Kb8 17. Kb1 g6 18. Bd3 c5 19. Rhe1 f5 20. exf6 Qxe1 21.
f7 d4 22. Rxe1 Rxe1+ 23. Bc1 Bd6 24. Qd2 Rxc1+ 25. Qxc1 dxc3 26. Qxc3 Rf8 27.
Qg7 Bxg2 28. Qxh7 Bd5 29. Bxg6 Bxf4 30. Qh5 Kc7 31. h4 Kd6 32. Qf5 Be5 33. h5
c4 34. h6 cxb3 35. axb3 Nd7 36. Qd3 Rb8 37. Qa6+ Ke7 38. Qxa7 Bxb3 39. f8=Q+
Rxf8 40. Qa3+ Bd6 41. Qxb3 Rb8 1/2-1/2

[Event "OGD Prinsenstad-toernooi - A groep"]
[Site "Delft"]
[Date "2014.04.20"]
[Round "6.2"]
[White "Admiraal, Miguoel"]
[Black "Khenkin, Igor"]
[Result "0-1"]
[WhiteElo "2309"]
[BlackElo "2574"]
[PlyCount "70"]
[EventDate "2014.04.18"]
[EventType "swiss"]
[EventRounds "6"]
[EventCountry "NED"]
[Source "DSC"]
[SourceDate "2014.04.23"]

1. d4 d5 2. c4 dxc4 3. Nf3 c6 4. e3 b5 5. a4 e6 6. axb5 cxb5 7. b3 Bb4+ 8. Bd2
Bxd2+ 9. Nbxd2 a5 10. bxc4 b4 11. Bd3 Nf6 12. O-O O-O 13. e4 e5 14. Qc2 Nfd7
15. c5 Qc7 16. Rfc1 exd4 17. c6 Ne5 18. Nxe5 Qxe5 19. Nf3 Qc7 20. Nxd4 Rd8 21.
Qc5 b3 22. Qc3 Nxc6 23. Nxc6 Rxd3 24. Qxd3 b2 25. Qa3 bxa1=Q 26. Qxa1 Bb7 27.
Nd4 Qe5 28. f3 a4 29. Rb1 Bc8 30. Rb5 Qf6 31. Qc3 Bd7 32. e5 Qa6 33. Rd5 Qa7
34. Rc5 a3 35. Rc7 Qb6 0-1

[Event "OGD Prinsenstad-toernooi - A groep"]
[Site "Delft"]
[Date "2014.04.20"]
[Round "6.3"]
[White "Reinderman, Dimitri"]
[Black "Sergeev, Vladimir"]
[Result "1-0"]
[WhiteElo "2590"]
[BlackElo "2457"]
[PlyCount "115"]
[EventDate "2014.04.18"]
[EventType "swiss"]
[EventRounds "6"]
[EventCountry "NED"]
[Source "DSC"]
[SourceDate "2014.04.23"]

1. c4 c5 2. Nf3 g6 3. d4 cxd4 4. Nxd4 Bg7 5. e4 Nc6 6. Be3 Nf6 7. Nc3 d6 8. Be2
O-O 9. O-O Nxd4 10. Bxd4 Bd7 11. Qd2 Bc6 12. f3 a5 13. b3 Nd7 14. Be3 Nc5 15.
Rab1 Qb6 16. Rfc1 Rfc8 17. Bf1 Qb4 18. Kh1 a4 19. Nd5 Qxd2 20. Bxd2 Bxd5 21.
cxd5 Nxb3 22. Rxc8+ Rxc8 23. Bb4 Nc1 24. a3 Rc2 25. Bb5 Na2 26. Bxa4 Nxb4 27.
Bxc2 Nxc2 28. a4 f5 29. Rxb7 Kf7 30. a5 fxe4 31. fxe4 Bd4 32. a6 Kf6 33. a7
Bxa7 34. Rxa7 Nd4 35. Kg1 Nb5 36. Ra4 Ke5 37. Rc4 Nd4 38. Rc7 Kf6 39. Kf2 Nb3
40. Ke3 h6 41. g4 Nc5 42. h4 Na6 43. e5+ Kxe5 44. Rxe7+ Kxd5 45. Rg7 g5 46. h5
Nc5 47. Rxg5+ hxg5 48. h6 Nd7 49. h7 Nf6 50. h8=Q Nxg4+ 51. Ke2 Ke4 52. Qd8 Kf5
53. Qd7+ Kf4 54. Qxd6+ Kf5 55. Qd5+ Kf6 56. Kf3 Ne5+ 57. Ke4 Nf7 58. Qc6+ 1-0

[Event "OGD Prinsenstad-toernooi - A groep"]
[Site "Delft"]
[Date "2014.04.20"]
[Round "6.4"]
[White "Ikonnikov, Vyacheslav"]
[Black "Polak, Alexander"]
[Result "1-0"]
[WhiteElo "2570"]
[BlackElo "2004"]
[PlyCount "59"]
[EventDate "2014.04.18"]
[EventType "swiss"]
[EventRounds "6"]
[EventCountry "NED"]
[Source "DSC"]
[SourceDate "2014.04.23"]

1. d4 c6 2. c4 d5 3. Nf3 Nf6 4. Nc3 a6 5. a4 g6 6. a5 Bg7 7. e3 O-O 8. Qb3 Qd6
9. Bd2 Nbd7 10. cxd5 cxd5 11. Na4 Re8 12. Be2 e5 13. Bb4 Qb8 14. dxe5 Nxe5 15.
Nb6 Ra7 16. O-O Nfg4 17. g3 Nxf3+ 18. Bxf3 d4 19. Bd5 Be6 20. Bxe6 Rxe6 21. Qd1
Nxe3 22. fxe3 dxe3 23. Qd7 Qe8 24. Qxe8+ Rxe8 25. Bc3 Bf8 26. b4 f5 27. Rfd1
Bh6 28. Rd7 e2 29. Kg2 f4 30. gxf4 1-0

[Event "OGD Prinsenstad-toernooi - A groep"]
[Site "Delft"]
[Date "2014.04.20"]
[Round "6.5"]
[White "Danin, Alexandre"]
[Black "Gerlagh, Joris"]
[Result "1-0"]
[WhiteElo "2595"]
[BlackElo "2145"]
[PlyCount "111"]
[EventDate "2014.04.18"]
[EventType "swiss"]
[EventRounds "6"]
[EventCountry "NED"]
[Source "DSC"]
[SourceDate "2014.04.23"]

1. e4 c5 2. Nf3 e6 3. d4 cxd4 4. Nxd4 Nc6 5. Nc3 Qc7 6. Be3 a6 7. Be2 Nf6 8.
O-O d6 9. f4 Be7 10. Qe1 O-O 11. Qg3 Rd8 12. Kh1 Rb8 13. Rad1 b5 14. e5 Ne8 15.
Nxc6 Qxc6 16. exd6 Nxd6 17. Ba7 Rb7 18. Bf3 Qc7 19. Bxb7 Bxb7 20. Qf2 Rc8 21.
a3 Qc6 22. Rd3 Nf5 23. Rg1 h5 24. Qb6 Qxb6 25. Bxb6 Bf6 26. Rf1 Bxc3 27. Rxc3
Rxc3 28. bxc3 Bd5 29. Bc5 f6 30. Kg1 Kf7 31. g3 Ke8 32. Ra1 Bc6 33. Rb1 Be4 34.
Rb2 Kd7 35. c4 bxc4 36. c3 a5 37. Rb5 a4 38. Rb4 Kc6 39. Bf2 Bc2 40. Rxc4+ Kd5
41. Rc7 Bb3 42. c4+ Kd6 43. Ra7 e5 44. Ra6+ Kc7 45. fxe5 fxe5 46. Re6 Nd6 47.
Rxe5 Nxc4 48. Rxh5 Nxa3 49. Bd4 g6 50. Rg5 Nc2 51. Be5+ Kc6 52. Rxg6+ Kd5 53.
Bg7 a3 54. h4 a2 55. h5 Nd4 56. Bxd4 1-0

[Event "OGD Prinsenstad-toernooi - A groep"]
[Site "Delft"]
[Date "2014.04.20"]
[Round "6.6"]
[White "Van Oosterom, Chiel"]
[Black "Van der Zon, Stef"]
[Result "1-0"]
[WhiteElo "2369"]
[BlackElo "2167"]
[PlyCount "55"]
[EventDate "2014.04.18"]
[EventType "swiss"]
[EventRounds "6"]
[EventCountry "NED"]
[Source "DSC"]
[SourceDate "2014.04.23"]

1. e4 c5 2. Nf3 Nc6 3. Bb5 e6 4. O-O Nge7 5. Re1 a6 6. Bf1 Ng6 7. c3 d5 8. exd5
Qxd5 9. d4 cxd4 10. cxd4 Be7 11. Nc3 Qa5 12. d5 exd5 13. Nxd5 O-O 14. Nxe7+
Ncxe7 15. Bd2 Qb6 16. Bc3 Bg4 17. h3 Be6 18. Ng5 Bd5 19. Qd2 h6 20. Ne4 Rfd8
21. Ba5 Qc6 22. Bxd8 Rxd8 23. Nc3 Qb6 24. Rad1 Rd7 25. Nxd5 Rxd5 26. Qc3 Rc5
27. Qd4 Qc6 28. Rxe7 1-0

[Event "OGD Prinsenstad-toernooi - A groep"]
[Site "Delft"]
[Date "2014.04.20"]
[Round "6.7"]
[White "Haver, Daan"]
[Black "Vereggen, Lars"]
[Result "0-1"]
[WhiteElo "2125"]
[BlackElo "2265"]
[PlyCount "62"]
[EventDate "2014.04.18"]
[EventType "swiss"]
[EventRounds "6"]
[EventCountry "NED"]
[Source "DSC"]
[SourceDate "2014.04.23"]

1. e4 c5 2. Nf3 d6 3. Bb5+ Nd7 4. c4 a6 5. Ba4 Ngf6 6. Nc3 g6 7. O-O Bg7 8. Qe2
O-O 9. Rd1 Nb6 10. Bb3 Bg4 11. h3 Bxf3 12. Qxf3 Nfd7 13. Qe2 Nc8 14. d3 Na7 15.
Be3 Nc6 16. f4 Nd4 17. Qf2 Nb8 18. Rd2 b5 19. cxb5 axb5 20. Bd5 Ra6 21. Ne2 e6
22. Bxd4 cxd4 23. Bb3 Nc6 24. Kh1 Na5 25. Bd1 e5 26. b3 f5 27. g3 fxe4 28. dxe4
exf4 29. gxf4 d3 30. Nd4 Qb6 31. Rxd3 Nc6 0-1

[Event "OGD Prinsenstad-toernooi - A groep"]
[Site "Delft"]
[Date "2014.04.20"]
[Round "6.8"]
[White "Lecomte, Robin"]
[Black "Slingerland, Fred"]
[Result "1/2-1/2"]
[WhiteElo "2042"]
[BlackElo "2331"]
[PlyCount "123"]
[EventDate "2014.04.18"]
[EventType "swiss"]
[EventRounds "6"]
[EventCountry "NED"]
[Source "DSC"]
[SourceDate "2014.04.23"]

1. e4 c5 2. Nf3 d6 3. Bb5+ Bd7 4. Bxd7+ Qxd7 5. O-O Nc6 6. c4 g6 7. d4 cxd4 8.
Nxd4 Bg7 9. Be3 Nf6 10. f3 O-O 11. Nc3 a6 12. b3 Nxd4 13. Bxd4 b5 14. Nd5 Nxd5
15. cxd5 Bh6 16. f4 Rac8 17. Qd2 Rc7 18. Bb6 Rb7 19. Be3 Rc8 20. h3 Bg7 21.
Rac1 b4 22. Qd3 a5 23. Qa6 Rbc7 24. Rxc7 Qxc7 25. Rc1 Bc3 26. Kh1 Rb8 27. Bd4
f6 28. Bxc3 bxc3 29. Qc6 Qa7 30. Qxc3 Qf2 31. Qc7 Re8 32. Qxa5 Qxf4 33. Qe1 Rb8
34. Rc4 Qg5 35. Qc1 Qg3 36. Qc2 Kf7 37. Rc3 Qe1+ 38. Kh2 h5 39. a3 g5 40. Qd3
Rg8 41. Qe3 Qa1 42. Qc1 Qa2 43. b4 Qf2 44. Qe3 Qb2 45. Qc1 Qf2 46. Qc2 Qd4 47.
g3 h4 48. g4 Rb8 49. Kg2 Kg7 50. Qd3 Qe5 51. Qc2 Kh6 52. Qd3 Kg7 53. Qc2 Kh7
54. Kf1 Kh6 55. Ke1 e6 56. dxe6 Re8 57. Kf1 Rxe6 58. Rf3 d5 59. Qc8 dxe4 60.
Qh8+ Kg6 61. Qg8+ Kh6 62. Qh8+ 1/2-1/2

[Event "OGD Prinsenstad-toernooi - A groep"]
[Site "Delft"]
[Date "2014.04.20"]
[Round "6.9"]
[White "Schroer, Marcel"]
[Black "Kerigan, Demre"]
[Result "0-1"]
[WhiteElo "2170"]
[BlackElo "2327"]
[PlyCount "54"]
[EventDate "2014.04.18"]
[EventType "swiss"]
[EventRounds "6"]
[EventCountry "NED"]
[Source "DSC"]
[SourceDate "2014.04.23"]

1. c4 g6 2. g3 Bg7 3. Bg2 Nf6 4. Nc3 O-O 5. e4 d6 6. Nge2 e5 7. d3 c6 8. O-O a6
9. a4 a5 10. h3 Na6 11. Be3 Nd7 12. f4 Ndc5 13. d4 exd4 14. Bxd4 Bxd4+ 15. Nxd4
Qb6 16. Kh2 Qxb2 17. Qf3 Qb4 18. Rfd1 Ne6 19. f5 Nxd4 20. Rxd4 Qc5 21. Rad1 Qe5
22. Rxd6 gxf5 23. exf5 Bxf5 24. Qh5 Rae8 25. Qg5+ Bg6 26. Qc1 Nc5 27. R6d4 Nb3
0-1

[Event "OGD Prinsenstad-toernooi - A groep"]
[Site "Delft"]
[Date "2014.04.20"]
[Round "6.10"]
[White "Van der Auweraert, Elwin"]
[Black "Groffen, Hans"]
[Result "1-0"]
[WhiteElo "2281"]
[BlackElo "2165"]
[PlyCount "83"]
[EventDate "2014.04.18"]
[EventType "swiss"]
[EventRounds "6"]
[EventCountry "NED"]
[Source "DSC"]
[SourceDate "2014.04.23"]

1. Nf3 f5 2. c4 Nf6 3. g3 g6 4. Bg2 Bg7 5. Nc3 O-O 6. O-O d6 7. d3 e5 8. Rb1 a5
9. a3 Nc6 10. b4 axb4 11. axb4 h6 12. b5 Ne7 13. e4 c6 14. bxc6 bxc6 15. exf5
gxf5 16. Nh4 Be6 17. Re1 Qd7 18. Bd2 Rab8 19. Qa4 Rxb1 20. Rxb1 Rc8 21. Qa6 Qd8
22. Be3 Nd7 23. Na4 f4 24. Ba7 Nf5 25. Nxf5 Bxf5 26. Bxc6 Bxd3 27. Rd1 e4 28.
Bd5+ Kh8 29. Qxd6 fxg3 30. hxg3 Nf6 31. Qxd8+ Rxd8 32. Be6 Rd6 33. Nc5 Rc6 34.
Nxd3 Rxe6 35. Nf4 Rc6 36. c5 Ng4 37. Rd6 Rxd6 38. cxd6 Nf6 39. Ng6+ Kg8 40. Ne5
Kf8 41. d7 Ke7 42. Bc5+ 1-0

[Event "OGD Prinsenstad-toernooi - A groep"]
[Site "Delft"]
[Date "2014.04.20"]
[Round "6.11"]
[White "Legemaat, Gert"]
[Black "Kazarian, Anna-Maja"]
[Result "1/2-1/2"]
[WhiteElo "2173"]
[BlackElo "2058"]
[PlyCount "81"]
[EventDate "2014.04.18"]
[EventType "swiss"]
[EventRounds "6"]
[EventCountry "NED"]
[Source "DSC"]
[SourceDate "2014.04.23"]

1. Nc3 d5 2. e4 e6 3. d4 Nf6 4. Bg5 dxe4 5. Nxe4 Nbd7 6. Nf3 Be7 7. Nxf6+ Bxf6
8. Bxf6 Qxf6 9. Qd2 c5 10. O-O-O cxd4 11. Qxd4 Qxd4 12. Rxd4 e5 13. Nxe5 Nxe5
14. Re4 f6 15. f4 Bf5 16. Re3 O-O-O 17. fxe5 Rhe8 18. Bb5 Rxe5 19. Rxe5 fxe5
20. Rd1 Rxd1+ 21. Kxd1 Kc7 22. Kd2 Kd6 23. c3 g5 24. Ke3 Kd5 25. Bd3 e4 26. Bc2
h5 27. Bb3+ Ke5 28. Bf7 h4 29. h3 a5 30. b4 axb4 31. cxb4 b6 32. a4 g4 33. hxg4
Bxg4 34. a5 bxa5 35. bxa5 h3 36. gxh3 Bxh3 37. Bg6 Kd5 38. Bxe4+ Kc5 39. Bd3
Kc6 40. Kd4 Kb7 41. Kc5 1/2-1/2

[Event "OGD Prinsenstad-toernooi - A groep"]
[Site "Delft"]
[Date "2014.04.20"]
[Round "6.12"]
[White "Voogt, Bob"]
[Black "Glissenaar, Marcel"]
[Result "0-1"]
[WhiteElo "2083"]
[BlackElo "2001"]
[PlyCount "44"]
[EventDate "2014.04.18"]
[EventType "swiss"]
[EventRounds "6"]
[EventCountry "NED"]
[Source "DSC"]
[SourceDate "2014.04.23"]

1. e4 c6 2. d4 d5 3. Nc3 dxe4 4. Nxe4 Nf6 5. Ng3 h5 6. h4 Bg4 7. Be2 Qc7 8.
Bxg4 hxg4 9. N1e2 e6 10. Bg5 Nbd7 11. Qd3 Bd6 12. O-O-O O-O-O 13. Ne4 Be7 14.
N2g3 Nb6 15. Qb3 Nxe4 16. Nxe4 Bxg5+ 17. Nxg5 Qf4+ 18. Kb1 Rd7 19. Qe3 Qf5 20.
Qe5 Rhd8 21. Qxf5 exf5 22. c3 Re8 0-1

[Event "OGD Prinsenstad-toernooi - B groep"]
[Site "Delft"]
[Date "2014.04.18"]
[Round "1.4"]
[White "Verhoef, Pieter"]
[Black "Schelvis, Richard"]
[Result "1-0"]
[WhiteElo "1817"]
[BlackElo "1987"]
[PlyCount "47"]
[EventDate "2014.04.18"]
[EventType "swiss"]
[EventRounds "6"]
[EventCountry "NED"]
[Source "DSC"]
[SourceDate "2014.04.23"]

1. e4 c5 2. Nc3 e6 3. f4 Nc6 4. Nf3 d6 5. Bb5 Bd7 6. O-O Nge7 7. d4 Nxd4 8.
Nxd4 cxd4 9. Bxd7+ Qxd7 10. Qxd4 Nc6 11. Qf2 Be7 12. Ne2 O-O 13. Ng3 Rac8 14.
Be3 b6 15. c3 Rfd8 16. Rad1 Qc7 17. f5 Ne5 18. Nh5 g6 19. Qg3 Qc4 20. Bg5 Bxg5
21. Qxg5 exf5 22. exf5 h6 23. Qxh6 gxh5 24. Rd4 1-0

[Event "OGD Prinsenstad-toernooi - B groep"]
[Site "Delft"]
[Date "2014.04.19"]
[Round "2.1"]
[White "Haslinger, Gareth"]
[Black "Van der Hoeven, Gerben"]
[Result "0-1"]
[WhiteElo "2057"]
[BlackElo "1898"]
[PlyCount "58"]
[EventDate "2014.04.18"]
[EventType "swiss"]
[EventRounds "6"]
[EventCountry "NED"]
[Source "DSC"]
[SourceDate "2014.04.23"]

1. d4 c5 2. c3 d5 3. Nf3 Nc6 4. g3 Bg4 5. Bg2 e6 6. O-O Nf6 7. Be3 Qb6 8. b3
Be7 9. Nbd2 O-O 10. Rc1 cxd4 11. Nxd4 Qa6 12. c4 e5 13. Nxc6 bxc6 14. h3 Bh5
15. g4 Bg6 16. g5 Nh5 17. cxd5 cxd5 18. Bxd5 Rad8 19. Bg2 Nf4 20. Rc7 Bxg5 21.
Bc5 Nxe2+ 22. Kh1 Rxd2 23. Qa1 Qxa2 24. Qxe5 Bf6 25. Qe3 Bd4 26. Qe7 Bxc5 27.
Qxc5 Ng3+ 28. fxg3 Rxg2 29. Qd5 Rxg3 0-1

[Event "OGD Prinsenstad-toernooi - B groep"]
[Site "Delft"]
[Date "2014.04.19"]
[Round "2.2"]
[White "Van den Berg, Cees"]
[Black "Oei, Ik"]
[Result "1/2-1/2"]
[WhiteElo "1903"]
[BlackElo "2029"]
[PlyCount "88"]
[EventDate "2014.04.18"]
[EventType "swiss"]
[EventRounds "6"]
[EventCountry "NED"]
[Source "DSC"]
[SourceDate "2014.04.23"]

1. e4 c6 2. d4 d5 3. exd5 cxd5 4. Nf3 Nc6 5. c3 Nf6 6. Bg5 Ne4 7. Bh4 Qb6 8.
Qb3 e6 9. Qxb6 axb6 10. Nbd2 Nxd2 11. Nxd2 Bd6 12. Bg3 Bxg3 13. hxg3 O-O 14.
Bd3 g6 15. f4 h5 16. Nf3 Kg7 17. Kd2 Ne7 18. Ne5 f6 19. Nf3 Bd7 20. a3 Be8 21.
Rae1 Bf7 22. Rh3 Rad8 23. Reh1 Rh8 24. Re1 Nc8 25. Kc2 Nd6 26. Rhh1 Rc8 27. Re2
Rc7 28. Nd2 Ra8 29. Rhe1 Ra4 30. Kb1 Ra8 31. Kc2 Rac8 32. Kb1 Rh8 33. Rh1 Rcc8
34. Kc2 Rhd8 35. Rhe1 f5 36. Nf3 Ne4 37. Ne5 Be8 38. Nf3 Ba4+ 39. Kb1 Bb3 40.
Bxe4 fxe4 41. Ne5 Ba4 42. Rh1 Rh8 43. Ree1 Rcf8 44. Ref1 Ra8 1/2-1/2

[Event "OGD Prinsenstad-toernooi - B groep"]
[Site "Delft"]
[Date "2014.04.19"]
[Round "2.4"]
[White "Van der Togt, Twan"]
[Black "Kokje, Joris"]
[Result "1/2-1/2"]
[WhiteElo "1958"]
[BlackElo "1765"]
[PlyCount "53"]
[EventDate "2014.04.18"]
[EventType "swiss"]
[EventRounds "6"]
[EventCountry "NED"]
[Source "DSC"]
[SourceDate "2014.04.23"]

1. e4 c5 2. Nf3 d6 3. d4 cxd4 4. Nxd4 Nf6 5. Nc3 Nc6 6. Be2 g6 7. Nb3 Bg7 8.
Be3 Bd7 9. f4 a6 10. a4 Rc8 11. a5 O-O 12. Bb6 Qe8 13. O-O h5 14. h3 Be6 15.
Nd2 Nd7 16. f5 Nxb6 17. fxe6 Na8 18. exf7+ Rxf7 19. Rxf7 Qxf7 20. Bc4 e6 21.
Nf3 Qe7 22. Bb3 Nc7 23. Qd2 Ne5 24. Nd4 Rf8 25. Nce2 Kh7 26. c3 Qf6 27. Ng3
1/2-1/2

[Event "OGD Prinsenstad-toernooi - B groep"]
[Site "Delft"]
[Date "2014.04.19"]
[Round "3.1"]
[White "Krohn Montalvo, Francisco"]
[Black "Van der Hoeven, Gerben"]
[Result "0-1"]
[WhiteElo "1943"]
[BlackElo "1898"]
[PlyCount "44"]
[EventDate "2014.04.18"]
[EventType "swiss"]
[EventRounds "6"]
[EventCountry "NED"]
[Source "DSC"]
[SourceDate "2014.04.23"]

1. e4 c5 2. Nf3 d6 3. d4 cxd4 4. Nxd4 e5 5. Bb5+ Nd7 6. Nf5 a6 7. Bc4 Nb6 8.
Ne3 Nf6 9. Nc3 Nxc4 10. Nxc4 Be6 11. Ne3 Be7 12. f3 Rc8 13. Ncd5 O-O 14. c4 b5
15. Nxf6+ Bxf6 16. cxb5 Qa5+ 17. Bd2 Qxb5 18. Bc3 Bg5 19. Nd5 Rc5 20. Bb4 Rxd5
21. exd5 Qxb4+ 22. Kf2 Qxb2+ 0-1

[Event "OGD Prinsenstad-toernooi - B groep"]
[Site "Delft"]
[Date "2014.04.19"]
[Round "3.2"]
[White "Oei, Ik"]
[Black "Verhoef, Ruud"]
[Result "1/2-1/2"]
[WhiteElo "2029"]
[BlackElo "1866"]
[PlyCount "128"]
[EventDate "2014.04.18"]
[EventType "swiss"]
[EventRounds "6"]
[EventCountry "NED"]
[Source "DSC"]
[SourceDate "2014.04.23"]

1. d4 Nf6 2. c4 e6 3. g3 Bb4+ 4. Bd2 Qe7 5. Bg2 O-O 6. Qb3 Bxd2+ 7. Nxd2 Nc6 8.
e3 d6 9. Ne2 e5 10. d5 Nb8 11. e4 a5 12. O-O Na6 13. Qc2 Nc5 14. b3 Ng4 15. Qc3
f5 16. f3 Nh6 17. a3 fxe4 18. fxe4 Bg4 19. Qe3 Qd7 20. Nc3 Bh3 21. Rab1 Rxf1+
22. Rxf1 Bxg2 23. Kxg2 Ng4 24. Qf3 Nf6 25. h3 Qf7 26. Qf5 Qh5 27. Qxh5 Nxh5 28.
Nb5 Rc8 29. Rf3 Nf6 30. Re3 Ne8 31. Nc3 Ra8 32. Kf3 Kf7 33. Ke2 Ke7 34. Rf3 Nf6
35. g4 Rf8 36. Ke3 Ne8 37. Rxf8 Kxf8 38. b4 axb4 39. axb4 Na6 40. Na2 Ke7 41.
Nb3 Nb8 42. Na5 b6 43. Nc6+ Nxc6 44. dxc6 g6 45. Nc3 h6 46. Nd5+ Ke6 47. Kf3
Kf7 48. h4 Ke6 49. h5 gxh5 50. gxh5 Kf7 51. Ke3 Ke6 52. Ke2 Kf7 53. Kf3 Ke6 54.
Kg4 Nf6+ 55. Kf3 Nxd5 56. cxd5+ Kf7 57. Kg3 b5 58. Kh3 Ke7 59. Kh4 Kf7 60. Kg3
Ke7 61. Kg4 Kf6 62. Kh4 Ke7 63. Kh3 Kf7 64. Kh4 Ke7 1/2-1/2

[Event "OGD Prinsenstad-toernooi - B groep"]
[Site "Delft"]
[Date "2014.04.19"]
[Round "3.3"]
[White "Schilstra, Laurens"]
[Black "Van der Togt, Twan"]
[Result "0-1"]
[WhiteElo "1735"]
[BlackElo "1958"]
[PlyCount "88"]
[EventDate "2014.04.18"]
[EventType "swiss"]
[EventRounds "6"]
[EventCountry "NED"]
[Source "DSC"]
[SourceDate "2014.04.23"]

1. e4 e5 2. Nf3 Nc6 3. Bb5 a6 4. Ba4 d6 5. h3 Nf6 6. O-O Bd7 7. Re1 g6 8. c3
Bg7 9. d3 O-O 10. Bb3 h6 11. Nbd2 Nh5 12. Nf1 Kh7 13. Be3 Qf6 14. d4 Rad8 15.
Rc1 Nf4 16. d5 Nb8 17. Ng3 Bc8 18. c4 b6 19. Bc2 a5 20. a3 Na6 21. Nh2 Bd7 22.
b3 h5 23. Qd2 Bh6 24. b4 axb4 25. axb4 Rg8 26. Ra1 Bc8 27. Ba4 h4 28. Ne2 g5
29. Bb5 Nb8 30. Ra7 g4 31. hxg4 Bxg4 32. Nxf4 Bxf4 33. Nxg4 Rxg4 34. Kf1 Rdg8
35. Ke2 Rxg2 36. Rf1 h3 37. Qd3 R8g3 38. Rh1 Rxe3+ 39. Qxe3 Bxe3 40. Rxh3+ Bh6
41. Rf3 Qg5 42. Rxc7 Qd2+ 43. Kf1 Rg7 44. Rcxf7 Qd1# {Ke1} 0-1

[Event "OGD Prinsenstad-toernooi - B groep"]
[Site "Delft"]
[Date "2014.04.19"]
[Round "3.4"]
[White "Flohr, Ron"]
[Black "Welling, Wouter"]
[Result "0-1"]
[WhiteElo "1844"]
[BlackElo "1919"]
[PlyCount "80"]
[EventDate "2014.04.18"]
[EventType "swiss"]
[EventRounds "6"]
[EventCountry "NED"]
[Source "DSC"]
[SourceDate "2014.04.23"]

1. d4 Nf6 2. Bg5 g6 3. Bxf6 exf6 4. e3 Bg7 5. Nd2 f5 6. g3 O-O 7. Bg2 Re8 8. c3
d5 9. Ne2 c6 10. Nf4 a5 11. Bf3 b6 12. g4 Qg5 13. Be2 fxg4 14. Qb3 b5 15. O-O-O
Bf5 16. Rdg1 a4 17. Qd1 b4 18. cxb4 a3 19. Nb3 axb2+ 20. Kxb2 Qh4 21. Rg3 Qe7
22. Nc5 Qa7 23. Qb3 Nd7 24. Nxd7 Qxd7 25. Bd3 Reb8 26. Bxf5 Qxf5 27. Rc1 Bxd4+
28. exd4 Qxf4 29. Qe3 Rxb4+ 30. Ka1 Qf5 31. Qd2 Rab8 32. Rd3 Rb2 33. Qc3 Qxf2
34. Qa3 Qxh2 35. Rb3 R2xb3 36. axb3 Qd2 37. Qb2 Qxb2+ 38. Kxb2 Rb6 39. Rg1 f5
40. Kc3 h5 0-1

[Event "OGD Prinsenstad-toernooi - B groep"]
[Site "Delft"]
[Date "2014.04.19"]
[Round "4.1"]
[White "Van der Hoeven, Gerben"]
[Black "Welling, Wouter"]
[Result "1-0"]
[WhiteElo "1898"]
[BlackElo "1919"]
[PlyCount "91"]
[EventDate "2014.04.18"]
[EventType "swiss"]
[EventRounds "6"]
[EventCountry "NED"]
[Source "DSC"]
[SourceDate "2014.04.23"]

1. e4 c5 2. Nf3 d6 3. Bc4 Nf6 4. Nc3 Nc6 5. O-O Bg4 6. h3 Bh5 7. Be2 e6 8. d3
Be7 9. Be3 O-O 10. Nd2 Bxe2 11. Nxe2 d5 12. f4 Rc8 13. Ng3 Qc7 14. e5 Nd7 15.
Qg4 Nd4 16. Rac1 f5 17. Qd1 Qa5 18. Nb3 Nxb3 19. axb3 a6 20. Kh1 g6 21. c4 b5
22. b4 Qxb4 23. Bd2 Qxb2 24. Qe2 bxc4 25. dxc4 Qb7 26. Rb1 Qc6 27. cxd5 exd5
28. Ba5 Rb8 29. e6 Nf6 30. Ra1 Ne4 31. Nxe4 fxe4 32. Bc3 Qxe6 33. Rxa6 Rb6 34.
Ra7 d4 35. Ba5 Rc6 36. Rb1 c4 37. Rbb7 Rf7 38. Bb4 Kf8 39. Bxe7+ Rxe7 40. Rxe7
d3 41. Rxe6 dxe2 42. Rxe4 c3 43. Ra1 c2 44. Rc1 Kf7 45. Rxe2 Kf6 46. Rexc2 1-0